000 00360 a2200157 4500
001 61758
020 _a8587204017
040 _cAnchieta - Pituba
100 _aAlves, Lizir Arcanjo
240 1 0 _aMulheres escritoras na Bahia
_lpor
245 1 0 _aMulheres escritoras na Bahia
300 _a292
362 0 _a1999
650 4 _aPoesia brasileira
942 _cBK
999 _c61758
_d61758